Sri Aurobindo & the Literary Renaissance of India (Record no. 187314)

MARC details
000 -LEADER
fixed length control field 00585nam a22001817a 4500
005 - DATE AND TIME OF LATEST TRANSACTION
control field 20220412130334.0
010 ## - LCCN (DPL NO)
LC control number ENG-132279
020 ## - INTERNATIONAL STANDARD BOOK NUMBER
International Standard Book Number 9788194954781
Terms of availability 995
035 ## - SYSTEM CONTROL NUMBER
System control number EN-115811
037 ## - SOURCE OF ACQUISITION
Source of stock number/acquisition DBAD/PUB
082 ## - DEWEY DECIMAL CLASSIFICATION NUMBER
Classification number 320.01
100 ## - MAIN ENTRY--PERSONAL NAME
Personal name Singh, Pariksith
245 ## - TITLE STATEMENT
Title Sri Aurobindo & the Literary Renaissance of India
Statement of responsibility, etc Pariksith Singh
260 ## - PUBLICATION, DISTRIBUTION, ETC. (IMPRINT)
Place of publication, distribution, etc Noida
Name of publisher, distributor, etc Blu One India LLP
Date of publication, distribution, etc 2021
270 ## - ADDRESS
City Noida
Address 306, Tower -1 , Assotech business Cresterra , Plot no. 22, Sector 135
300 ## - PHYSICAL DESCRIPTION
Extent 414p.
Dimensions 22.1cm(hbk)
942 ## - ADDED ENTRY ELEMENTS (KOHA)
Source of classification or shelving scheme Dewey Decimal Classification
Item type English Books
Call number suffix PAR
Classification part 320.01
Edition Edition 1
Holdings
Withdrawn status Lost status Not for loan Collection code Home library Current library Date acquired Source of acquisition Cost, normal purchase price Full call number Barcode Copy number Cost, replacement price Koha item type
      Non-fiction Patel Nagar Patel Nagar 12/04/2022 DBAD/PUB 995.00 320.01 PAR EN-115811 1 995.00 English Books

© Delhi Public Library
Hit Counter
free hit counter